000
00317nam a22001337a 4500
008
170523b xxu||||| |||| 00| 0 eng d
020
_a
0941690040
041
_a
eng
080
_a
94
100
_a
16
101
_a
SHH
245
_a
THEODORE ROOSEVELT AND THE INTERNATIONAL RIVALRIES
_c
ESTHUS, R.A
942
_2
udc
_c
BK
999
_c
13911
_d
13911